02534nam a2200313 a 4500001001000000003000600010005001700016008004100033040002500074082001800099111009400117245025200211260006500463300002700528505079900555500004601354500013501400504007401535590002601609600005701635650008001692610006801772700003201840710007001872740010001942910004202042952012102084999001502205000008689OCoLC20200929161402.0090907s1967 it cg r 001 0 spa d aDO-SdBNPbspacBNPHU a232.91bC749m2 aCongressus Mariologici - Mariani (d1965 :cSanto Domingo, República Dominicana)92313310aMaría in sacra scriptura :bacta congressus Mariologici - Mariani in República Dominicana anno 1965 celebrati.pmemoria del congreso Mariológico - Mariano Internacional de Santo Domingo ( 17 - 25 marzo 1965) /cpraefatio P. Carolus Baliâc. aRomae :bPontificia Academia Mariana Internationalis,c1967. av. :bretrs. ;c24 cm.2 aPrefatio -- Contenido del presente volumen -- Los Congresos Marianos y Mariológicos internacionales -- El consejo central permanente de los congresos Marianos y Mariológicos internacionales -- Junta de honor del XI congreso Marianos y Mariológicos internacionales de Santo Domingo -- Primera parte. Crónica de los congresos -- Preparación de los congresos -- Celebración de los congresos -- Segunda parte. Documentos pontíficios, episcopales, de la Ponâtíficia Academia Mariana Internacional y otros documentos -- Documentos pontíficios -- Documentos episcopales -- Documentos de la pontíficia Academia Mariana Internacional -- Otros documentos -- Tercera parte. Ponencias presentadas en el congreso Mariano -- Índices -- Índice onomástico -- Índice sistemático. aTexto en español y prefacio en latín. aLa biblioteca posee el volumen 1. Memoria del congreso Mariológico - Mariano internacional de Santo Domingo (17 - 25 marzo 1965) aIncluye referencias bibliográficas y notas al pie de las páginas. aInventariado, 2019/BT14aVIRGEN MARÍAxCONGRESOS, CONFERENCIAS, ETC.923134 4aBibliaxCrítica e interpretación.xCongresos, conferencias, etc.92313524aACADEMIA MARIANA INTERNACIONALxDOCUMENTOS PONTÍFICIOS92313612aBaliâc, P. Carolus9231371 aPontificia Adacemia Mariana Internationalis (Roma, Italia)9231380 aMemoria del Congreso Mariológico - Mariano Internacional de Santo Domingo (17-25 marzo 1965). aValidado. Control de calidad. MMOLINA 001050718MOaGRbGRcHDd2009-09-18iLF1l0o232.91 P816m | v.1p8689-10r2020-06-25w2020-06-25y1ZNo se presta c8459d8459